[Event "Paris-ch Open A"]
[Site "Paris"]
[Date "2008.07.04"]
[Round "7.10"]
[White "Veron, Cyprien"]
[Black "Fogel, Pierre"]
[Result "0-1"]
[WhiteElo "2109"]
[BlackElo "2145"]
[PlyCount "114"]
[EventDate "2008.06.??"]
[EventType "swiss"]
[EventRounds "9"]
[EventCountry "FRA"]
[SourceDate "2008.06.28"]

1. Nf3 Nf6 2. c4 g6 3. g3 Bg7 4. Bg2 O-O 5. O-O d6 6. d4 Nc6 7. d5 Na5 8. Nfd2
c5 9. Nc3 a6 10. Rb1 Rb8 11. Qc2 b5 12. b3 e5 13. Bb2 Nh5 14. e3 f5 15. f4 e4
16. g4 Nf6 17. g5 Ne8 18. Ne2 Bd7 19. Ng3 h5 20. h4 Rf7 21. Rfc1 Bxb2 22. Rxb2
Ng7 23. Rcb1 Be8 24. Kf2 Rfb7 25. Bf1 Bf7 26. cxb5 axb5 27. b4 cxb4 28. Rxb4
Bxd5 29. Rxb5 Rxb5 30. Rxb5 Rxb5 31. Bxb5 Qb6 32. Qc8+ Kh7 33. a4 Bc6 34. Bxc6
Nxc6 35. Ne2 Nb4 36. Nd4 Nd3+ 37. Ke2 Nxf4+ 38. Kd1 Nd5 39. Ke2 Qb2 40. Qc2
Nc3+ 41. Kf2 Qxc2 42. Nxc2 Nxa4 43. Nc4 d5 44. Ne5 Ne6 45. Nb4 Nc3 46. Nbc6 f4
47. exf4 d4 48. f5 gxf5 49. Ne7 f4 50. Nf5 d3 51. Ke1 f3 52. Nxd3 exd3 53. Kd2
f2 54. Ne3 Nd5 55. Nf1 Nef4 56. Ng3 Kg6 57. Kd1 Ne3+ 0-1

[Event "Paris-ch Open A"]
[Site "Paris"]
[Date "2008.07.04"]
[Round "7.27"]
[White "Berthier, Hugo"]
[Black "Lam, Sophie"]
[Result "1-0"]
[WhiteElo "2145"]
[BlackElo "2073"]
[Annotator "Triger,Franck"]
[PlyCount "51"]
[EventDate "2008.06.??"]
[EventType "swiss"]
[EventRounds "9"]
[EventCountry "FRA"]
[SourceDate "2008.06.28"]

{Prix de beauté} 1. Nf3 d5 2. d4 Nf6 3. c4 e6 4. Nc3 c6 5. Bg5 h6 6. Bh4 g5 7.
Bg3 dxc4 8. e4 b5 9. Be2 Bb7 10. O-O Nbd7 11. Ne5 Be7 12. Nxf7 Kxf7 13. e5 Nd5
14. Bh5+ Kg8 15. Nxd5 cxd5 16. Qg4 Nf8 17. f4 Rh7 18. f5 exf5 19. Qxf5 Bc8 20.
Bf7+ Kh8 21. e6 a5 22. Be5+ Rg7 23. Rf3 Bd6 24. Rh3 Bxe5 25. Rxh6+ Nh7 26.
Rxh7+ 1-0

[Event "Paris-ch Open A"]
[Site "Paris"]
[Date "2008.07.04"]
[Round "7.39"]
[White "Koch, Alain"]
[Black "Bourges, Jerome"]
[Result "1-0"]
[WhiteElo "2090"]
[BlackElo "1994"]
[Annotator "Triger,Franck"]
[PlyCount "55"]
[EventDate "2008.06.??"]
[EventType "swiss"]
[EventRounds "9"]
[EventCountry "FRA"]
[SourceDate "2008.06.28"]

{Prix de beauté} 1. e4 e6 2. d4 d5 3. e5 c5 4. c3 Nc6 5. Nf3 Bd7 6. Be2 Nge7 7.
Bg5 cxd4 8. cxd4 Qb6 9. Qd2 Nf5 10. Be3 Rc8 11. Nc3 Na5 12. O-O Nc4 13. Bxc4
Rxc4 14. a3 Be7 15. g4 Nh4 16. Nxh4 Bxh4 17. Kh1 O-O 18. g5 Kh8 19. Rg1 f6 20.
gxf6 gxf6 21. Rg4 Qd8 22. Rxh4 fxe5 23. Bg5 Qb6 24. Qd3 Rf7 25. Bf6+ Kg8 26.
Rg1+ Kf8 27. Bxe5 Qxb2 28. Bd6+ 1-0

[Event "Paris-ch Open A"]
[Site "Paris"]
[Date "2008.07.04"]
[Round "7.50"]
[White "Djordjevic, Vladimir"]
[Black "Noizat, Pierre"]
[Result "1-0"]
[WhiteElo "1942"]
[BlackElo "2045"]
[PlyCount "49"]
[EventDate "2008.06.??"]
[EventType "swiss"]
[EventRounds "9"]
[EventCountry "FRA"]
[SourceDate "2008.06.28"]

{Prix de Beauté} 1. e4 c6 2. d4 d5 3. f3 dxe4 4. fxe4 e5 5. Nf3 Bd6 6. Nc3 Bb4
7. a3 Ba5 8. Be3 exd4 9. Bxd4 Nf6 10. b4 Bb6 11. Be2 O-O 12. O-O Nbd7 13. Ng5
Bxd4+ 14. Qxd4 Qe7 15. e5 Nd5 16. Qh4 h6 17. Nce4 Nxe5 18. c4 Ne3 19. Nf6+ gxf6
20. Ne4 Kg7 21. Nxf6 Ng6 22. Qd4 Rd8 23. Nh5+ Kf8 24. Qg7+ Ke8 25. Nf6+ 1-0

[Event "Paris-ch Open A"]
[Site "Paris"]
[Date "2008.07.02"]
[Round "5"]
[White "Ider, Borya"]
[Black "Larrat, Philippe"]
[Result "1-0"]
[WhiteElo "2074"]
[BlackElo "2210"]
[Annotator "Triger,Franck"]
[PlyCount "44"]
[EventDate "2008.06.??"]
[EventType "swiss"]
[EventRounds "9"]
[EventCountry "FRA"]
[SourceDate "2008.06.28"]

{Prix de beauté} 1. b3 e5 2. Bb2 Bd6 3. c4 Qe7 4. e3 c6 5. g3 Nf6 6. Bg2 Bc7 7.
Ne2 d6 8. O-O Bg4 9. d4 Nbd7 ({Empêche} 9... O-O {car} 10. dxe5 dxe5 11. Ba3
$16) 10. Qc2 O-O-O 11. Nbc3 e4 12. b4 h5 13. h3 Bf3 14. d5 c5 15. Ba3 h4 16. g4
Ne5 17. bxc5 dxc5 18. Nd4 Nxc4 19. Ncb5 Nxa3 20. Nxa7+ $1 Kd7 (20... Kb8 21.
Nac6+ bxc6 22. Nxc6+ Kb7 23. Qb3+ $16) 21. Qa4+ b5 (21... Nb5 22. Qxb5+ Kd6 23.
Nf5+) 22. Ndxb5 Ke8 (22... Nxb5 23. Qxb5+ Kd6 24. Qa6+ Kxd5 (24... Ke5 25. Nc6+
Kxd5 26. Rad1+) 25. Rad1+ Bxd1 26. Rxd1+ Ke5 27. Nc6+ Ke6 28. Nxd8+ Ke5 29.
Nc6+ Ke6 30. Nxe7+ Kxe7) (22... Qe5 23. Nxc7+ Ke7 (23... Kxc7 24. Qc6+ Kb8 25.
Rab1+ Nxb1 26. Rxb1+ Kxa7 27. Qb7#) 24. Nc6+) 1-0

[Event "Paris-ch Open A"]
[Site "Paris"]
[Date "2008.07.05"]
[Round "8.9"]
[White "Morabbi, Armin"]
[Black "Rene, Benoit"]
[Result "1-0"]
[WhiteElo "2135"]
[BlackElo "2281"]
[PlyCount "51"]
[EventDate "2008.06.??"]
[EventType "swiss"]
[EventRounds "9"]
[EventCountry "FRA"]
[SourceDate "2008.06.28"]

1. e4 c5 2. c3 g6 3. d4 cxd4 4. cxd4 d5 5. e5 Nc6 6. Nc3 Bg7 7. Nf3 Nh6 8. Qb3
O-O 9. Be3 e6 10. h4 Nf5 11. h5 f6 12. O-O-O fxe5 13. dxe5 Nxe3 14. fxe3 Qb6
15. hxg6 hxg6 16. Qc2 Qxe3+ 17. Kb1 Rf5 18. Nh4 Rf2 19. Qxg6 Qxe5 20. Bd3 Bd7
21. Rdf1 Rxb2+ 22. Ka1 Rf2 23. Qh7+ Kf7 24. Rxf2+ Ke8 25. Qg8+ Ke7 26. Rf7+ 1-0

[Event "Paris-ch Open A"]
[Site "Paris"]
[Date "2008.07.05"]
[Round "8.38"]
[White "Graca, Robert"]
[Black "Zoeller, Laure"]
[Result "1-0"]
[WhiteElo "2103"]
[BlackElo "1972"]
[PlyCount "53"]
[EventDate "2008.06.??"]
[EventType "swiss"]
[EventRounds "9"]
[EventCountry "FRA"]
[SourceDate "2008.06.28"]

1. Nf3 d5 2. d4 Nf6 3. c4 e6 4. Bg5 Be7 5. e3 O-O 6. Nc3 c6 7. Qc2 Nbd7 8. a3
dxc4 9. Bxc4 Nd5 10. Bxe7 Qxe7 11. O-O Nxc3 12. Qxc3 c5 13. Rfd1 cxd4 14. Rxd4
b6 15. Rad1 e5 16. Rd5 e4 17. Ne5 Nf6 18. Nc6 Qb7 19. Rg5 h6 20. Qxf6 hxg5 21.
Ne7+ Kh7 22. Qxg5 g6 23. Bxf7 Bf5 24. Bxg6+ Kg7 25. Bxf5+ Kf7 26. Qg6+ Kxe7 27.
Qe6# 1-0

[Event "Paris-ch Open A"]
[Site "Paris"]
[Date "2008.07.05"]
[Round "8.27"]
[White "Clech, Jean Louis"]
[Black "Ledoux, Alain"]
[Result "1-0"]
[WhiteElo "2098"]
[BlackElo "1998"]
[PlyCount "41"]
[EventDate "2008.06.??"]
[EventType "swiss"]
[EventRounds "9"]
[EventCountry "FRA"]
[SourceDate "2008.06.28"]

1. d4 Nf6 2. Bg5 e6 3. e4 h6 4. Bxf6 Qxf6 5. Nc3 Bb4 6. Qd3 b6 7. e5 Qe7 8. Qg3
O-O 9. O-O-O Bb7 10. h4 c5 11. Nb5 a6 12. Nd6 Bc6 13. c3 Ba5 14. Nh3 cxd4 15.
Rxd4 b5 16. Nf4 Kh8 17. Bd3 g6 18. Nxf7+ Qxf7 19. Nxg6+ Kh7 20. Nxf8+ Kh8 21.
Rf4 1-0

[Event "Paris-ch Open A"]
[Site "Paris"]
[Date "2008.07.05"]
[Round "8.71"]
[White "Delille, Fabrice"]
[Black "Le Ray, Olivier"]
[Result "1-0"]
[WhiteElo "1860"]
[BlackElo "1941"]
[PlyCount "75"]
[EventDate "2008.06.??"]
[EventType "swiss"]
[EventRounds "9"]
[EventCountry "FRA"]
[SourceDate "2008.06.28"]

1. e4 e6 2. d4 d5 3. exd5 exd5 4. Bd3 Nc6 5. Ne2 Bd6 6. O-O Qh4 7. f4 Qf6 8.
Nbc3 Nge7 9. Nb5 Bf5 10. Nxd6+ Qxd6 11. Bb5 O-O-O 12. Ng3 Be4 13. f5 h5 14. c3
h4 15. Nxe4 dxe4 16. Qg4 Nd5 17. f6+ Kb8 18. fxg7 Rhg8 19. Rxf7 Nxd4 20. cxd4
Qb4 21. Qe2 Qxd4+ 22. Kh1 Rxg7 23. Rxg7 Qxg7 24. Bc4 Nb4 25. Bf4 Qd4 26. Rc1
Rf8 27. Qd2 Nd3 28. Bxd3 exd3 29. Be3 Qe4 30. Qa5 b6 31. Qc3 Qxe3 32. Qxc7+ Ka8
33. Qc6+ Kb8 34. Qd6+ Kb7 35. Rc7+ Ka6 36. Qa3+ Kb5 37. Qb3+ Ka5 38. Rxa7# 1-0

[Event "Paris-ch Open A"]
[Site "Paris"]
[Date "2008.07.05"]
[Round "8.26"]
[White "Lefranc, Benoit"]
[Black "Silva, Francis"]
[Result "0-1"]
[WhiteElo "2100"]
[BlackElo "2009"]
[PlyCount "164"]
[EventDate "2008.06.??"]
[EventType "swiss"]
[EventRounds "9"]
[EventCountry "FRA"]
[SourceDate "2008.06.28"]

1. Nf3 Nf6 2. g3 d5 3. Bg2 c6 4. d3 Bf5 5. O-O Nbd7 6. Nbd2 Qb6 7. a4 e5 8. Nh4
Bg6 9. a5 Qc7 10. Nxg6 hxg6 11. e4 dxe4 12. dxe4 Nc5 13. Qe2 Rd8 14. b4 Ne6 15.
c3 Be7 16. Nb3 O-O 17. Be3 b6 18. axb6 axb6 19. Ra6 c5 20. b5 Ra8 21. Rfa1 Qb7
22. Qc4 Nc7 23. Rxa8 Rxa8 24. f3 Rxa1+ 25. Nxa1 Nfe8 26. Bf1 Qa8 27. Nc2 Nd6
28. Qb3 g5 29. g4 Qa5 30. Na3 Ne6 31. Nc2 Nc7 32. Na3 Ne6 33. Kg2 Qa8 34. Bc4
Nf4+ 35. Bxf4 gxf4 36. Bd5 Qa7 37. Kf1 g6 38. Ke2 Kg7 39. Kd3 Bf6 40. Kc2 Qa5
41. Kb2 Qa7 42. Bc6 c4 43. Qa2 Be7 44. Bd5 Qc7 45. Bxc4 Qc5 46. Bd5 Nxb5 47.
Nxb5 Qxb5+ 48. Qb3 Qe2+ 49. Kb1 Qf1+ 50. Ka2 Qf2+ 51. Qb2 Qxf3 52. Qxb6 Qxc3
53. Qb2 Qa5+ 54. Kb1 Qc7 55. h4 Bxh4 56. Qb3 Bf2 57. Qc4 Bc5 58. Kc2 Qe7 59.
Kd1 Bd4 60. Qf1 Qh4 61. Qf3 Qg3 62. Ke2 Qg1 63. Bc6 f6 64. Bd5 Kh6 65. Bf7 Kg5
66. Be8 Qc1 67. Bd7 Qc7 68. Be8 Qc8 69. Bf7 Qd7 70. Bg8 Qxg4 71. Bf7 Qxf3+ 72.
Kxf3 f5 73. Bd5 Kf6 74. Bb7 Kg5 75. Bc6 Kh4 76. Bd5 Be3 77. Bc6 fxe4+ 78. Bxe4
g5 79. Bf5 g4+ 80. Ke2 Kg3 81. Be4 Bc5 82. Kf1 f3 0-1